000
00290nam a2200109Ia 4500
001
1276744
005
20260417160453.0
008
260417s9999 xx 000 0 und d
020
_a
9786052857540
245
0
_a
Bu Defteri Kimse Okumasın
_c
Jessica Scott Kerrin
260
_b
Tudem Yayınları
999
_c
1276744
_d
1276744